| 000 | 00682nam a2200253Ia 4500 | ||
|---|---|---|---|
| 005 | 20250425162335.0 | ||
| 008 | 250425s9999 xx 000 0 und d | ||
| 020 | _a0195159535 | ||
| 041 | _aeng | ||
| 082 | _a303.483 3 | ||
| 100 | _aLUFTMAN, JERRY N. | ||
| 245 | 0 | _aCOMPETING IN THE INFORMATION AGE: ALIGN IN THE SAND | |
| 250 | _a2ND ED. | ||
| 260 |
_aEstados Unidos _bLUFTMAN, JERRY N. _c2003 |
||
| 260 |
_aNEW YORK _bOXFORD |
||
| 300 | _a413 | ||
| 650 | _aCOMPETITION-UNITED STATES | ||
| 650 | _aINFORMATION TECHNOLOGY | ||
| 650 | _aORGANIZATIONAL CHANGE | ||
| 650 | _aSTRATEGIC PLANNING | ||
| 710 | _aOXFORD UNIVERSITY PRESS | ||
| 942 | _c01 | ||
| 010 | _a63786 | ||
| 999 |
_c227225 _d227225 |
||